Eine Vorlesung über Differentialgeometrie
Uložené v:
| Hlavný autor: | |
|---|---|
| Médium: | Kniha |
| Jazyk: | German |
| Vydavateľské údaje: |
Berlin :
Springer,
1973
|
| Tagy: |
Žiadne tagy, Buďte prvý, kto otaguje tento záznam!
|
MARC
| LEADER | 00000nam a22000003a 4500 | ||
|---|---|---|---|
| 001 | stu225961 | ||
| 005 | 20190206105158.7 | ||
| 008 | 110526s1973----gw------------------ger-d | ||
| 040 | |a STU |b slo | ||
| 041 | 0 | |a ger | |
| 044 | |a gw | ||
| 080 | |a 513 | ||
| 100 | 1 | |a Klingenberg, Wilhelm |4 aut | |
| 245 | 1 | |a Eine Vorlesung über Differentialgeometrie | |
| 260 | |a Berlin : |b Springer, |c 1973 | ||
| 300 | |a 135 s | ||
| 996 | |b E35413 |c E*35413 |l EE03 |s P |a 0 |w stu225961_0001 | ||